LEADER 00982nam--2200325---450- 001 990003312180203316 005 20090916104221.0 035 $a000331218 035 $aUSA01000331218 035 $a(ALEPH)000331218USA01 035 $a000331218 100 $a20090916d1968----km-y0itay50------ba 101 $aeng 102 $aUS 105 $a||||||||001yy 200 1 $aRadar detection$fJ. V. Di Franco and W. L. Rubin 210 $aEnglewood Cliffs$cPrentice Hall$d1968 215 $aXVI, 654 p.$cill. graf. tav.$d24 cm 225 2 $aPrentice Hall Electrical Engineering Series 410 0$12001$aPrentice Hall Electrical Engineering Series 700 1$aDI FRANCO,$bJ. V.$0605826 701 1$aRUBIN,$bW. L.$0605827 801 0$aIT$bsalbc$gISBD 912 $a990003312180203316 951 $a621.384 DIF$b4769/CBS$c621.384$d00327498 959 $aBK 969 $aSCI 979 $aRSIAV6$b90$c20090916$lUSA01$h1042 996 $aRadar detection$91122249 997 $aUNISA